LEADER 01072nam0 2200313 450 001 000003298 005 20070214105700.0 010 $a88-203-2085-1 100 $a--------d1993----km-y0itay50------ba 101 $aita 102 $aIT 200 1 $a<>quattro codici$ecivile e di procedura civile, penale e di procedura penale, con le disposizioni di attuazione e transitorie, la Costituzione della Repubblica Italiana...$fL. Franchi, V. Feroci, S. Ferrari 210 $aMilano$cHoepli$d1993 215 $a1 v. (paginazione varia)$d18 cm 225 2 $aCodici e leggi d'Italia 300 $aSeguono: appendici 410 0$12001$aCodici e leggi d'Italia 610 1 $aDiritto civile$aItalia$aFonti 610 1 $aCodice penale 610 1 $aCodice procedura civile 610 1 $aCodice procedura penale 676 $a348.45023 702 1$aFranchi,$bLuigi 710 01$aItalia$0423419 801 0$aIT $bUNIPARTHENOPE $gRICA $2UNIMARC 912 $a000003298 951 $cNAVA1$a348-Q/1$b31396$d20011128 996 $aQuattro codici$9699812 997 $aUNIPARTHENOPE LEADER 01966nam0 2200445 i 450 001 VAN00103265 005 20240806100722.715 017 70$2N$a978-3-319-03164-4 100 $a20151030d2014 |0itac50 ba 101 $aeng 102 $aCH 105 $a|||| ||||| 200 1 $aText analysis with R for students of literature$fMatthew L. Jockers 210 $aCham$cSpringer$d2014 215 $aXVI, 194 p.$cill.$d24 cm 410 1$1001VAN00103266$12001 $aQuantitative methods in the humanities and social sciences$1210 $aBerlin [etc.]$cSpringer$d2014- 500 1$3VAN00240628$aText analysis with R for students of literature$91410227 606 $a62P25$xApplications of statistics to social sciences [MSC 2020]$3VANC031206$2MF 606 $a91F20$xLinguistics [MSC 2020]$3VANC031205$2MF 606 $a91Fxx$xOther social and behavioral sciences (mathematical treatment) [MSC 2020]$3VANC025040$2MF 610 $aComputational Literary Studies$9KW:K 610 $aCorpus Linguistics and R$9KW:K 610 $aDigital Humanities$9KW:K 610 $aLinguistic Computing$9KW:K 610 $aProgramming and Literature$9KW:K 610 $aText Analysis$9KW:K 610 $aText Classification$9KW:K 610 $aText Clustering$9KW:K 610 $aText Mining$9KW:K 620 $aCH$dCham$3VANL001889 700 1$aJockers$bMatthew L.$3VANV080593$0721648 712 $aSpringer $3VANV108073$4650 801 $aIT$bSOL$c20240906$gRICA 856 4 $uhttp://dx.doi.org/10.1007/978-3-319-03164-4$zE-book ? Accesso al full-text attraverso riconoscimento IP di Ateneo, proxy e/o Shibboleth 899 $aBIBLIOTECA CENTRO DI SERVIZIO SBA$2VAN15 912 $fN 912 $aVAN00103265 950 $aBIBLIOTECA CENTRO DI SERVIZIO SBA$d15CONS SBA EBOOK 4670 $e15EB 4670 20191107 996 $aText analysis with R for students of literature$91410227 997 $aUNICAMPANIA LEADER 02650nam0 2200505 i 450 001 VAN00113111 005 20240806100748.16 017 70$2N$a9781493927579 100 $a20171228d2015 |0itac50 ba 101 $aeng 102 $aUS 105 $a|||| ||||| 200 1 $aˆAn ‰introduction to continuous-time stochastic processes$etheory, models, and applications to finance, biology, and medicine$fVincenzo Capasso, David Bakstein 205 $a3. ed 210 $aNew York$cSpringer$d2015 215 $aXVI, 482 p.$cill.$d24 cm 410 1$1001VAN00057314$12001 $aModeling and simulation in science, engineering and technology$1210 $aBoston [etc.]$cBirkhäuser$d1997- 500 1$3VAN00234850$aˆAn ‰introduction to continuous-time stochastic processes : theory, models, and applications to finance, biology, and medicine$92440518 606 $a60-XX$xProbability theory and stochastic processes [MSC 2020]$3VANC020428$2MF 606 $a60Fxx$xLimit theorems in probability theory [MSC 2020]$3VANC024670$2MF 606 $a60Gxx$xStochastic processes [MSC 2020]$3VANC020000$2MF 606 $a60Hxx$xStochastic analysis [MSC 2020]$3VANC019765$2MF 606 $a60Jxx$xMarkov processes [MSC 2020]$3VANC019842$2MF 606 $a91Gxx$xActuarial science and mathematical finance [MSC 2020]$3VANC020093$2MF 606 $a92Bxx$xMathematical biology in general [MSC 2020]$3VANC021467$2MF 606 $a93Exx$xStochastic systems and control [MSC 2020]$3VANC020004$2MF 610 $aBrownian Motions$9KW:K 610 $aInteracting particle systems$9KW:K 610 $aIto Calculus$9KW:K 610 $aLévy processes$9KW:K 610 $aQuantitative Finance$9KW:K 610 $aStochastic differential equations$9KW:K 610 $aStochastic processes$9KW:K 620 $aUS$dNew York$3VANL000011 700 1$aCapasso$bVincenzo$cmatematico$3VANV042969$051830 701 1$aBakstein$bDavid$3VANV087271$0614263 712 $aSpringer $3VANV108073$4650 801 $aIT$bSOL$c20250912$gRICA 856 4 $uhttp://dx.doi.org/10.1007/978-1-4939-2757-9$zE-book ? Accesso al full-text attraverso riconoscimento IP di Ateneo, proxy e/o Shibboleth 899 $aBIBLIOTECA DEL DIPARTIMENTO DI MATEMATICA E FISICA$1IT-CE0120$2VAN08 912 $fN 912 $aVAN00113111 950 $aBIBLIOTECA DEL DIPARTIMENTO DI MATEMATICA E FISICA$d08DLOAD e-book 0076 $e08eMF76 20171228 996 $aIntroduction to continuous-time stochastic processes : theory, models, and applications to finance, biology, and medicine$92440518 997 $aUNICAMPANIA